| 000 | 01979nam0a2200277 i 4500 | ||
|---|---|---|---|
| 001 | RU\NLR\BIBL_A\09994225 | ||
| 005 | 20260426063011.0 | ||
| 035 | _a(NLR Aleph) 009994225 | ||
| 090 |
_a9750558 _c9750558 |
||
| 100 | _a20131030d2013 k y0rusy50 ca | ||
| 101 | 0 | _arus | |
| 102 | _aRU | ||
| 105 | _ay ||z|||||| | ||
| 200 | 1 |
_aОбразно-ментальный мир России: от прошлого к будущему _eматериалы международной научной очно-заочной конференции (Екатеринбург, 21-22 мая 2013 г.) _f[отв. ред.: д.филос.н., проф. В.В. Егоров] |
|
| 210 |
_aЕкатеринбург _cИзд-во Уральского государственного экономического унверситета _d2013 |
||
| 215 |
_a193 с. _d20 |
||
| 300 | _aВ надзаг.: М-во образования и науки Рос. Федерации, Урал. федер. ун-т им. первого Президента России Б.Н. Ельцина, Урал. отд-ние Рос. акад. наук, Ин-т экономики Урал. отд-ния РАН, Урал. гос. экон. ун-т | ||
| 606 |
_aРусские _jСъезды, совещания и т.п. _xМенталитет _xСоциально-философские вопросы _92137918 _3RU\NLR\AUTH\661288935 |
||
| 686 | 1 | _aС550.65я431 | |
| 686 | 1 | _aЮ212.21я431 | |
| 702 | 1 |
_4340 _8rus _7ca _aЕгоров _bВ. В. _cд-р филос. наук, мемуарист _f1958- _gВадим Владимирович _3RU\NLR\AUTH\7725413 _98461 |
|
| 712 | 0 | 2 |
_4570 _aУральский федеральный университет им. первого Президента России Б. Н. Ельцина _cЕкатеринбург _3RU\NLR\AUTH\8810168127 _9832088 |
| 942 | _cBOOK | ||
| 980 | _aNBR | ||